Polynomials close to 0 resp. 1 on disjoint sets

For disjoint compact subsets I, J of a real interval [A, B] construction is given for polynomials P-n of degree n = 1,2,... that approximate 0 on I and 1 on J with geometric rate, vanish (in a given order) at finitely many given points of I, take the value 1 (in a given order) at finitely given poin...

Teljes leírás

Elmentve itt :
Bibliográfiai részletek
Szerző: Totik Vilmos
Dokumentumtípus: Cikk
Megjelent: 2020
Sorozat:JOURNAL OF MATHEMATICAL ANALYSIS AND APPLICATIONS 482 No. 2
doi:10.1016/j.jmaa.2019.123549

mtmt:31431163
Online Access:http://publicatio.bibl.u-szeged.hu/21007
LEADER 01354nab a2200205 i 4500
001 publ21007
005 20210309150536.0
008 210309s2020 hu o 0|| zxx d
022 |a 0022-247X 
024 7 |a 10.1016/j.jmaa.2019.123549  |2 doi 
024 7 |a 31431163  |2 mtmt 
040 |a SZTE Publicatio Repozitórium  |b hun 
041 |a zxx 
100 1 |a Totik Vilmos 
245 1 0 |a Polynomials close to 0 resp. 1 on disjoint sets  |h [elektronikus dokumentum] /  |c  Totik Vilmos 
260 |c 2020 
300 |a Terjedelem: 13-Azonosító: 123549 
490 0 |a JOURNAL OF MATHEMATICAL ANALYSIS AND APPLICATIONS  |v 482 No. 2 
520 3 |a For disjoint compact subsets I, J of a real interval [A, B] construction is given for polynomials P-n of degree n = 1,2,... that approximate 0 on I and 1 on J with geometric rate, vanish (in a given order) at finitely many given points of I, take the value 1 (in a given order) at finitely given points of J, and otherwise lie in between 0 and 1 on [A, B] . When I and J consist of alternating intervals, then P-n can also be monotone on each subinterval of [A, B] \ (I U J) . Some further consequences (like approximation of piecewise constant functions or the trigonometric variant) are also considered. (C) 2019 Elsevier Inc. All rights reserved. 
856 4 0 |u http://publicatio.bibl.u-szeged.hu/21007/1/fdpsimplyc.pdf  |z Dokumentum-elérés